| 000 | 00928cam a22003015a 4500 | ||
|---|---|---|---|
| 001 | 2032502 | ||
| 005 | 20160623125301.0 | ||
| 008 | 920721s1993 enk frb 001 0 eng d | ||
| 020 | _a0415072700 (hbk) | ||
| 020 | _a9780415072700 | ||
| 040 |
_aDLC _cDLC _dDLC _dEG-ScBUE _beng |
||
| 082 | 0 | 4 |
_a305.42 _222 _bSTA |
| 100 | 1 |
_aStanley, Liz, _d1947- _940316 |
|
| 245 | 1 | 0 |
_aBreaking out again : _bfeminist ontology and epistemology / _cLiz Stanley and Sue Wise. |
| 250 | _a2nd ed., New ed. | ||
| 260 |
_aOxon ; _bNew York : _bRoutledge, _c1993. |
||
| 300 |
_aviii, 253 p. ; _c23 cm. |
||
| 500 | _aIncludes indexes. | ||
| 504 | _aBibliography : p. [234]-246. | ||
| 650 | 0 |
_aFeminism. _2BUEsh |
|
| 650 | 0 |
_aWomen _xPsychology. _2BUEsh |
|
| 650 | 0 |
_aWomen _xPolitical activity. _2BUEsh |
|
| 650 | 0 |
_aWomen's studies. _2BUEsh _912361 |
|
| 651 | _2BUEsh | ||
| 653 |
_bEEENG _cJune2016 |
||
| 700 | 1 |
_aWise, Sue, _d1953- |
|
| 942 | _2ddc | ||
| 999 |
_c21951 _d21923 |
||